000
00264nam a22001097a 4500
008
170120b xxu||||| |||| 00| 0 eng d
020
_a
9780803613621
041
_a
eng
080
_a
618.2
245
_a
NURSING LEADERSHIP AND MANAGEMENT
_c
JONES, R.A
942
_2
udc
_c
BK
999
_c
3274
_d
3274